Republic of China quiz - Statistics

General Stats
  • This quiz has been taken 15 times
  • The average score is 6 of 9
Answer Stats
Question Answer % Correct
Where did the R.O.C government retreat to Taiwan
100%
When did China fall in P.R.C hand 1949
92%
In which year did the founder of R.O.C pass away 1925
69%
Who was the second president of the R.O.C Chiang Kai Shek
69%
Who was the founder of the Republic of China Sun Yat sen
69%
When was the national anthem composed 1928
62%
When was the national anthem adopted 1930
62%
When did the R.O.C government stop claiming Mongolia 2002
46%
Where was the founder buried Nanjing
46%
No matching quizzes found
Score Distribution
Percent of People with Each Score
Percentile by Number Answered
Your Score History
You have not taken this quiz